| 000 | 00668nam a22002297a 4500 | ||
|---|---|---|---|
| 999 |
_c1005 _d1005 |
||
| 001 | 9075 | ||
| 003 | BD-DhUAP | ||
| 005 | 20200129162144.0 | ||
| 008 | 200129s2006 ii a b 000 0 eng d | ||
| 040 |
_aBD-DhAAL _cBD-DhAAL _bEng _dBD-DhUAP |
||
| 082 | 0 | 0 |
_a340 JHA _223 |
| 100 | 1 | _aJhabvala, Noshirvan H. | |
| 245 | 1 | 0 |
_aThe elements of jurisprudence 2006 / _cby Noshirvan H. Jhabvala. |
| 250 | _a23th ed. | ||
| 260 |
_aMumbai, India : _bC. Jamnadas, _c2006. |
||
| 300 |
_a214 pages ; _c22 cm. |
||
| 504 | _aIncludes bibliographical references. | ||
| 650 | 0 | _aJurisprudence. | |
| 942 |
_2ddc _cBK |
||